|
|
|
|
| LEADER |
01409nam a22003137a 4500 |
| 001 |
33866 |
| 003 |
BD-DhAAL |
| 005 |
20251012143643.0 |
| 008 |
181021t2011 enk||||| |||| 00| 1 eng d |
| 020 |
|
|
|a 9780241953532
|
| 040 |
|
|
|a BD-DhAAL
|c BD-DhAAL
|
| 041 |
|
|
|a eng
|
| 082 |
|
|
|2 23
|a 813.54
|
| 100 |
|
|
|a Gibson, William.
|9 28496
|
| 245 |
|
|
|a Pattern recognition /
|c William Gibson.
|
| 260 |
|
|
|a London :
|b Berkley,
|c 2011
|
| 300 |
|
|
|a 356 pages ;
|c 20 cm.
|
| 500 |
|
|
|a Fiction
Mystery fiction
|
| 520 |
|
|
|a Cayce Pollard owes her living to her pathological sensitivity to logos. In London to consult for the world's coolest ad agency, she finds herself catapulted, via her addiction to a mysterious body of fragmentary film footage, uploaded to the Web by a shadowy auteur, into a global quest for this unknown 'garage Kubrick'.
|
| 526 |
|
|
|a ENH
|
| 541 |
|
|
|a Karim International
|e 33866
|
| 650 |
|
|
|a Women private investigators
|z England
|z London
|v Fiction.
|9 28497
|
| 650 |
|
|
|a Business intelligence
|v Fiction.
|9 28498
|
| 650 |
|
|
|a English language.
|9 43011
|
| 651 |
|
|
|a London (England)
|v Fiction.
|9 28499
|
| 852 |
|
|
|a Ayesha Abed Library
|c General Stacks
|
| 942 |
|
|
|2 ddc
|c BK
|
| 999 |
|
|
|c 40080
|d 40080
|
| 952 |
|
|
|0 0
|1 0
|2 ddc
|4 0
|6 813_540000000000000_GIB
|7 0
|9 64471
|a BRACUL
|b BRACUL
|c GEN
|d 2018-10-15
|e Karim International
|g 653.00
|l 8
|m 24
|o 813.54 GIB
|p 3010033866
|r 2025-07-12
|s 2025-07-07
|t 1
|v 653.00
|w 2018-10-15
|y BK
|